000 01736nam0a22003491 4500
001 rc\3782402
005 20120207130618.9
021 _aRU
_b[75-26508]
035 _a(NLR Aleph) 007238309
090 _a7748839
_c7748839
100 _a20120207d1975 |||y0rusy50 ca
101 0 _arus
102 _aRU
105 _ay z |||||
200 1 _aАгрохимическое обслуживание тепличных хозяйств за рубежом
_fМ-во сельск. хоз-ва СССР. Всесоюз. науч.-исслед. ин-т информации и техн.-экон. исследований по сельск. хоз-ву
210 _aМосква
_c[ВНИИТЭИСХ]
_d1975
215 _a79 с.
_d21
225 1 _aОбзорная информация
300 _aВ вып. дан. авт.: Лебл Даниел Оскарович, Нолиендорф[!] Вилнис Францевич
300 _aНа обл. авт. не указаны
320 _aСписок лит.: с. 74-78 (91 назв.)
606 _aАгрохимическая служба
_yЗарубежные страны
_2psbo
606 _aОвощные культуры
_xВозделывание в защищенном грунте
_xИностранный опыт
_2psbo
700 1 _6z01790
_aЛебл
_bД. О.
_gДаниэл Оскарович
701 1 _6z02790
_aНоллендорф
_bВ. Ф.
_gВилнис Францевич
790 1 _6z01700
_aЛебл
_bД. О.
_gДаниел Оскарович
790 1 _6z02701
_aНолиендорф [!]
_bВ. Ф.
_gВилнис Францевич
801 0 _aRU
_bNLR
_gpsbo
801 1 _aRU
_bELAR
_2rusmarc
852 _aNLR
_j75-6/1091
942 _cBOOK
980 _aNB